000 01265nam a22003377a 4500
003 CHAP
005 20220329143821.0
008 110929s2009 mx r 00010 spa d
010 _a102263
011 _a103235
035 _a113924
040 _cCHAP
090 _aTesis
100 1 _aBueno Hurtado, Palmira
_915962
245 1 0 _aEfectividad de los biofertilizantes (Glomus intraradices Schenck & Smith y Azospirillum brasilense Tarran et al.) en comparación con la fertilización química en maíz
_c/por Palmira Bueno Hurtado
260 _aCocula, Gro. :
_bEl autor,
_c2009
300 _ax, 69 h. :
_bilus.
502 _aTesis (Ing. Agr. Fitotecnista) -- CSAEGRO. Centro de Estudios Profesionales
590 _aALEPH
_b10
_c20130110
_lUCH01
_h1542
590 _aBATCH-UPD
_b10
_c20130110
_lUCH01
_h1449
590 _aBATCH-UPD
_b10
_c20130410
_lUCH01
_h0916
590 _aBATCH-UPD
_b10
_c20130914
_lUCH01
_h0642
590 _aCONVERSION
_b10
_c20130109
_lUCH01
_h1356
650 1 4 _aBiofertilizantes.
_912734
650 1 4 _aCultivos
_xGuerrero.
_930280
650 1 4 _aFertilización (Química)
_940446
650 1 4 _aMaíz
_xFertilización.
_970956
901 _aBK
942 _cTESIS
949 _aTesis
_bBC
_cTES
_d33724002302587
_eTS1
_gDonaciØn
_h52774
_i113924
_sb
999 _c102263
_d102263